Top 10 Eggplant Producing Countries - Statistics

General Stats
  • This quiz has been taken 10 times
  • The average score is 7 of 10
Answer Stats
Boxes of Eggplants Country % Correct
40 M China
100%
1.4 M Egypt
80%
12.7 M India
80%
700 K Indonesia
80%
300 K Italy
80%
200 K Spain
80%
600 K Bangladesh
70%
600 K Iran
60%
800 K Turkey
60%
300 K Japan
40%
No matching quizzes found
Score Distribution
Percent of People with Each Score
Percentile by Number Answered
Your Score History
You have not taken this quiz